Compter jusqu'à 10 en Europe - Statistiques

Statistiques générales
  • Ce quiz a été pris 50 fois
  • Le résultat moyen est 23 sur 30
Statistiques - réponses
langue # mot % Correct
Espagnol 2 Dos
100%
Espagnol 3 Tres
100%
Espagnol 1 Uno
100%
Anglais 1 One
98%
Anglais 3 Three
98%
Anglais 2 Two
98%
Anglais 5 Five
96%
Anglais 4 Four
96%
Anglais 8 Eight
91%
Anglais 7 Seven
91%
Anglais 6 Six
91%
Anglais 10 Ten
91%
Anglais 9 Nine
89%
Espagnol 8 Ocho
89%
Espagnol 7 Siete
85%
Espagnol 5 Cinco
83%
Espagnol 4 Cuatro
83%
Espagnol 9 Nueve
80%
Espagnol 6 Seis
80%
Espagnol 10 Diez
59%
Allemand 3 Drei
57%
Allemand 2 Zwei
57%
Allemand 5 Fünf
52%
Allemand 4 Vier
48%
Allemand 1 Eins
46%
Allemand 8 Acht
43%
Allemand 9 Neun
43%
Allemand 7 Sieben
39%
Allemand 6 Sechs
35%
Allemand 10 Zehn
33%
Aucun quiz correspondant
Distribution des résultats
% des personnes avec chaque résultat
Percentile par nombre de réponses
Votre historique - résultats
Vous n’avez pas pris ce quiz